DCLG statistical release (Record no. 106206)

MARC details
000 -LEADER
fixed length control field 01273cam a2200229 4500
001 - CONTROL NUMBER
control field ##L135776
008 - FIXED-LENGTH DATA ELEMENTS--GENERAL INFORMATION
fixed length control field 061211n2006 000 0 eng u
035 ## - SYSTEM CONTROL NUMBER
System control number (Sirsi) u135776
041 0# - LANGUAGE CODE
Language code of text/sound track or separate title eng
050 04 - LIBRARY OF CONGRESS CALL NUMBER
Classification number 333.33 $2 18
110 1# - MAIN ENTRY--CORPORATE NAME
Corporate name or jurisdiction name as entry element United Kingdom
Subordinate unit Department for Communities and Local Government
9 (RLIN) 4939
245 00 - TITLE STATEMENT
Title DCLG statistical release
Remainder of title house price index October 2006
260 ## - PUBLICATION, DISTRIBUTION, ETC.
Place of publication, distribution, etc. London
Name of publisher, distributor, etc. DCLG
Date of publication, distribution, etc. 2006
490 #0 - SERIES STATEMENT
Series statement DCLG Statistical Release: House Price Index
Volume/sequential designation (2006/0165) 11 December 2006
520 ## - SUMMARY, ETC.
Summary, etc. The mix-adjusted average house price in the UK in October 2006 stood at £197 987, down from £198 552 in September 2006 (not seasonally adjusted). UK annual house price inflation was 8.6% in October 2006, up from 8% in September. Annual house price inflation in London was 10.6% in October 2006, up from 9% in September. The UK annual house price inflation rate for the three months to October 2006 was 8% and 9.1% in London.
590 ## - LOCAL NOTE (RLIN)
Local note KA
650 24 - SUBJECT ADDED ENTRY--TOPICAL TERM
Topical term or geographic name entry element DCLG HOUSE PRICE INDEX
651 #4 - SUBJECT ADDED ENTRY--GEOGRAPHIC NAME
Geographic name UNITED KINGOMD
690 ## - LOCAL SUBJECT ADDED ENTRY--TOPICAL TERM (OCLC, RLIN)
Topical term or geographic name as entry element PROPERTY-RESIDENTIAL PROPERTY-RESIDENTIAL PROPERTY MARKET
856 40 - ELECTRONIC LOCATION AND ACCESS
Uniform Resource Identifier <a href="https://www.communities.gov.uk/index.asp?id=1002882&PressNoticeID=2311">https://www.communities.gov.uk/index.asp?id=1002882&PressNoticeID=2311</a>
Public note View the DCLG index free of charge at www.communities.gov.uk...
942 ## - ADDED ENTRY ELEMENTS (KOHA)
Suppress in OPAC 0
Holdings
Withdrawn status Lost status Source of classification or shelving scheme Damaged status Not for loan Home library Current library Shelving location Date acquired Total Checkouts Full call number Barcode Date last seen Copy number Price effective from Koha item type
    Dewey Decimal Classification     Virtual Virtual Online 11/12/2006   ONLINE PUBLICATION 135776-2001 06/08/2019 1 06/08/2019 Book